01165nam a2200229Ia 4500008004100000020001500041041001200056082001600068100001400084245006900098250000800167260002500175300000800200650000800208700002000216942000700236999001500243952017200258952017200430952017200602952016100774221030s9999 xx 000 0 und d a8120310187 aEnglish a105.23bWil aJ. Wilson 0aOptoelectronics - An Introductioncby J. Wilson, J. F. B. Hawkes a2nd bPHIaNew Delhic2001 a470 aECE aJ. F. B. Hawkes cBK c7703d7703 pBE 4531g175.00l0o105.23 Wilr2024-06-13 00:00:00w2022-10-30yBK003Print4070aMIETLIBbMIETLIBcBL-Academic Block- A, FL-1, CUP-13, SH-1, R-1d2001-12-2810HBE pBE 4532g175.00l0o105.23 Wilr2024-06-13 00:00:00w2022-10-30yBK003Print4070aMIETLIBbMIETLIBcBL-Academic Block- A, FL-1, CUP-13, SH-1, R-1d2001-12-2810HBE pBE 4533g175.00l0o105.23 Wilr2024-06-13 00:00:00w2022-10-30yBK003Print4070aMIETLIBbMIETLIBcBL-Academic Block- A, FL-1, CUP-13, SH-1, R-1d2001-12-2810HBE pBE 4534g175.00l0o105.23 Wilr2024-06-13 00:00:00w2022-10-30yBK003Print4071aMIETLIBbMIETLIBcBL-Second, FL-1, CUP-76, SH-1, R-1d2001-12-2810HBE